=LDR 00000nam 2200000 4500 =247 ##$$a =856 ##$$a =700 #$$a =650 #$$a Transformasi Kinerja =650 #$$a SKP Tranformasional =520 #$$a Arahan Presiden Prabowo Subianto dalam sidang kabinet paripurna perdana menyambaikan banyaknya keluhan masyarakat terkait birokrasi yang ribet dan lambat. Mendukung pernyataan Presiden, Menteri PANRB Rini Widyantini menyatakan pentingnya produktivitas ASN untuk bisa melaksanakan tugas dari Presiden, salah satunya dengan meningkatkan pengelolaan kinerja dan kompetensi ASN. Terkait arahan tersebut, pengelolaan kinerja pegawai ASN yang saat inidiukur dengan instrumen Sasaran Kinerja Pegawai (SKP) dinilai masih bersifat busniess as usual belum dapat mencapai tujuan RB berdampak, dan belum berorientasi pada budaya inovasi serta membangun branding institusi. Untuk itu, diperlukan transformasi SKP sesuai amanat UU ASN. =321 ##$$a =310 ##$$a =300 ##$$a 32 hlm. : $b ill. ; $c 30 cm $e =260 ##$$a Jakarta : $b Pusbangkom Pimnas dan Manajerial ASN. ; $c 2024 =001 $a INLIS000000000020868 =245 ##$$a Strategi Akselerasi Transformasi Kinerja Melalui Pengembangan SKP Transformasional $b $c Tri Atmojo Sejati =100 #$$a Tri Atmojo Sejati =084 ##$$a R 0065 PKN I 2024 =082 ##$$a =035 ##$$a 0010-0426000025 =020 ##$$a =008 $a 260415################g##########0#ind## =005 $a 20260415143511